Dictionary of Bengal language: Bengali - English (Record no. 12675)
[ view plain ]
| 000 -LEADER | |
|---|---|
| fixed length control field | 00442nam a2200157Ia 4500 |
| 082 ## - DEWEY DECIMAL CLASSIFICATION NUMBER | |
| Classification number | RR 491.44321 CAR-; |
| 100 ## - MAIN ENTRY--AUTHOR NAME | |
| Personal name | Carey, W. |
| 245 #0 - TITLE STATEMENT | |
| Title | Dictionary of Bengal language: Bengali - English |
| 260 ## - PUBLICATION, DISTRIBUTION, ETC. (IMPRINT) | |
| Place of publication | New Delhi |
| Name of publisher | Asian Educational Services |
| Year of publication | 1981 |
| 300 ## - PHYSICAL DESCRIPTION | |
| Number of Pages | 1544p. |
| 500 ## - GENERAL NOTE | |
| General note | Contents: Vol.2. |
| 504 ## - BIBLIOGRAPHY, ETC. NOTE | |
| Bibliography, etc | Ref.book |
| 650 ## - SUBJECT ADDED ENTRY--TOPICAL TERM | |
| Topical Term | English language - Dictionaries |
| 650 ## - SUBJECT ADDED ENTRY--TOPICAL TERM | |
| Topical Term | Bengali language - Dictionaries |
| 942 ## - ADDED ENTRY ELEMENTS (KOHA) | |
| Koha item type | Books |
| Source of classification or shelving scheme | Dewey Decimal Classification |
| Withdrawn status | Lost status | Damaged status | Not for loan | Home library | Current library | Date acquired | Bill Date | Full call number | Accession Number | Price effective from | Koha item type |
|---|---|---|---|---|---|---|---|---|---|---|---|
| NASSDOC Library | NASSDOC Library | 08/06/2004 | 2004-10-22 | RR 491.44321 CAR-; | 15539 | 18/04/2019 | Books |
